| 000 | 00446nam a2200157 4500 | ||
|---|---|---|---|
| 001 | 135876 | ||
| 003 | ES-MaACL | ||
| 005 | 20230906194958.0 | ||
| 007 | t| | ||
| 008 | 070214s1962 sp r ||||1| spa d | ||
| 100 | 1 |
_aRuiz Company, Juan Antonio. _9100708 |
|
| 245 | 1 | 0 |
_aCamino abierto / _cJuan Antonio Ruiz Company. |
| 260 |
_aValencia : _bJesús Ortega, _c1962. |
||
| 300 |
_a79 p., 2 lám. ; _c19 cm. |
||
| 852 |
_aES-MaACL _jC-22284 _bR.50551 |
||
| 999 |
_c135876 _d135876 |
||